<?xml version="1.0" encoding="UTF-8"?>
<collection xmlns="http://www.loc.gov/MARC21/slim">
 <record>
  <leader>00504pamaa2200145   4500</leader>
  <controlfield tag="001">0000021494</controlfield>
  <controlfield tag="005">20061010090000.0</controlfield>
  <datafield tag="020" ind1="0" ind2="0">
   <subfield code="a">0838722148 </subfield>
  </datafield>
  <datafield tag="090" ind1="0" ind2="0">
   <subfield code="a">PT148.S73 </subfield>
   <subfield code="b">WAL 1979</subfield>
  </datafield>
  <datafield tag="100" ind1="1" ind2="0">
   <subfield code="a">WALDECK </subfield>
  </datafield>
  <datafield tag="245" ind1="1" ind2="4">
   <subfield code="a">The split self from Goethe to Broch  </subfield>
   <subfield code="c">Peter B. Waldeck.</subfield>
  </datafield>
  <datafield tag="260" ind1="0" ind2="0">
   <subfield code="a">Lewisbury: </subfield>
   <subfield code="b">Bucknell University Press, </subfield>
   <subfield code="c">1979.</subfield>
  </datafield>
  <datafield tag="300" ind1=" " ind2=" ">
   <subfield code="a">190p.; </subfield>
   <subfield code="c">22cm.</subfield>
  </datafield>
  <datafield tag="650" ind1="0" ind2="0">
   <subfield code="a">German literature -- </subfield>
   <subfield code="x">History and criticism -- </subfield>
   <subfield code="x">Addresses, essays, lectures </subfield>
  </datafield>
  <datafield tag="650" ind1="0" ind2="0">
   <subfield code="a">Split self in literature -- </subfield>
   <subfield code="x">Address, essays, lectures </subfield>
  </datafield>
 </record>
</collection>
